Statistics for Best Gossip Girl Quiz

Click here to take the quiz!

General Stats

  • This quiz has been taken 1,772 times
  • The average score is 9 of 15

Answer Stats

Hint Answer % Correct
How many times does Bart Bass die?2
92%
Who is gossip girl?Dan Humphrey
84%
Where do the Humphreys live (at the beginning)Brooklyn
82%
Chuck's catchphraseI'm Chuck Bass
71%
Where did Blair meet Louis?Paris
70%
Who does the voiceover of Gossip Girl?Kristen Bell
69%
"Good Morning ____ ___ ______, Gossip Girl here...."Upper East Siders
69%
"3 words __ _________ say it and I'm yours"8 Letters
67%
What is the name of Blair's stepfather?Cyrus Rose
65%
What does Chuck give to Blair to wear around her neck until they are ready?An engagement ring
59%
What is the name of Serena's "cousin"?Charlie
57%
Who is Serena's real father?William Van der Woodsen
43%
What is the name of Chuck and Blair's child?Henry
41%
Who becomes a reporter for womenswear daily?Nelly Yuki
25%
What is the name of Serena's favorite book?The Beautiful and Damned
10%

Score Distribution

Percentile by Number Answered

Percent of People with Each Score

Your Score History

You have not taken this quiz